000 00803nac a22002417a 4500
001 BR9300564
003 BR-BrBNA
005 20240105121349.0
008 230509b bl.|||m| |||| 00| 0 por d
040 _aBR-BrBNA
_bpor
_cBiblioteca Nacional de Agricultura
072 _aE14
090 _aE14 BR9300564
100 1 _aLima, L.F.C.
110 1 _aEmpresa Brasileira de Pesquisa Agropecuaria, Brasilia, DF (Brasil)
245 1 _aTecnologia agricola e o desenvolvimento nacional
260 3 _aBrasilia, DF (Brasil):
_c1973.
300 _a13 p.
490 _aSerie Perspectivas - Empresa Brasileira de Pesquisa Agropecuaria (Brazil)
_vno. 1
_x
650 _aTecnologia Agricola
650 _aPolitica de Desenvolvimento
909 _a202312
_bLúcia Elande
_c55
_dLúcia Elande
942 _2AGRIS
_n0
_cMS
999 _c284875
_d284875